| 000 | 00909nam a2200229Ia 4500 | ||
|---|---|---|---|
| 003 | IN-BaIIA | ||
| 008 | 211028s9999 xx 000 0 eng d | ||
| 020 | _a0-7923-1679-7 | ||
| 040 | _cIIA Library | ||
| 080 |
_a524.882(063) _bBLA |
||
| 111 |
_aNATO Advanced Study Institute Conference _cItaly _d1991 May 12-22 _918801 |
||
| 245 | 0 |
_aBlack hole physics _bproceedings of the NATO advanced study institute held in Erice, Italy, May 12-22,1991 _cedited by Venzo De Sabbata and Zhenjiu Zhang |
|
| 260 |
_aDordrecht _bKluwer Academic _c1992 |
||
| 300 | _aviii, 426p. | ||
| 490 | _aNATO ASI series, series C: mathematical and physical science | ||
| 650 | _aAstronomy and astrophysics thesaurus | ||
| 650 |
_aBlack holes _97728 |
||
| 650 |
_aX-Ray binary stars _914980 |
||
| 700 |
_aDe Sabbata, Venzo, ed. _918617 |
||
| 700 |
_aZhang, Zhenjiu, ed. _918802 |
||
| 942 | _cBK | ||
| 999 |
_c11000 _d11000 |
||